Statistics for One 2022 French Open Women's Player by Country

Click here to take the quiz!

General Stats

  • This quiz has been taken 25 times
  • The average score is 26 of 36

Answer Stats

CountryPlayer% Correct
Neutral (Belarus)Aryna Sabalenka | Victoria Azarenka | Aliaksandra Sasnovich
95%
FranceAlizé Cornet | Diane Parry | Léolia Jeanjean | +10 others
91%
CzechiaKarolína Plíšková | Barbora Krejčíková | Petra Kvitová | +5 others
91%
CanadaLeylah Fernandez | Bianca Andreescu | Rebecca Marino
91%
GreeceMaría Sákkari | Valentíni Grammatikopoúlou
91%
EstoniaAnett Kontaveit | Kaia Kanepi
86%
GermanyAngelique Kerber | Andrea Petkovic | Tatjana Maria | +2 others
86%
BelgiumElise Mertens | Greet Minnen | Alison Van Uytvanck | +2 others
86%
PolandIga Świątek | Magda Linette | Magdalena Fręch
86%
JapanNaomi Osaka | Misaki Doi
86%
RomaniaSimona Halep | Irina-Camelia Begu | Sorana Cîrstea | +4 others
86%
BrazilBeatriz Haddad Maia
82%
United Kingdom Emma Raducanu | Heather Watson | Harriet Dart
82%
LatviaJeļena Ostapenko
82%
ItalyMartina Trevisan | Camila Giorgi | Jasmine Paolini | +1 other
82%
TunisiaOns Jabeur
82%
ChinaZheng Qinwen | Wang Qiang | Zhu Lin | +2 others
82%
AustraliaAjla Tomljanović | Daria Saville | Astra Sharma
77%
United StatesCoco Gauff | Jessica Pegula | Madison Keys | +12 others
77%
CroatiaDonna Vekić | Petra Martić
77%
KazakhstanElena Rybakina | Yulia Putintseva
77%
SpainPaula Badosa | Garbiñe Muguruza | Nuria Párrizas Díaz | +1 other
77%
Neutral (Russia)Daria Kasatkina | Veronika Kudermetova | Ekaterina Alexandrova | +6 others
73%
SwitzerlandJil Teichmann | Belinda Bencic | Viktorija Golubic
73%
ColombiaCamila Osorio
68%
EgyptMayar Sherif
68%
HungaryAnna Bondár | Panna Udvardy | Dalma Gálfi | +1 other
59%
NetherlandsArantxa Rus
59%
UkraineMarta Kostyuk | Dayana Yastremska | Anhelina Kalinina | +1 other
59%
SloveniaTamara Zidanšek | Kaja Juvan
59%
MontenegroDanka Kovinić
55%
BulgariaViktoriya Tomova
55%
SlovakiaAnna Karolína Schmiedlová | Kristína Kučová | Rebecca Šramková
50%
SerbiaOlga Danilović | Aleksandra Krunić
32%
SwedenMirjam Björklund
23%
MexicoFernanda Contreras
18%

Score Distribution

Percentile by Number Answered

Percent of People with Each Score

Your Score History

You have not taken this quiz